| 000 | 00455nam a22001811c 4500 | ||
|---|---|---|---|
| 001 | a987671818 | ||
| 008 | 131119s1964 gw |||| 000u eng d | ||
| 041 | _aeng | ||
| 100 | 1 | _aCruttwell, C. R. M. F. | |
| 245 | 0 | 2 |
_aA history of the Great War : _b1914 - 1918 |
| 250 | _a2., Aufl. | ||
| 264 |
_aOxford : _bClarendon, _c1964 |
||
| 300 | _aXIII, 655 S. | ||
| 650 | 0 | _aWeltkrieg <1914-1918> | |
| 942 | _cMG | ||
| 040 | _cRU-10907106 | ||
| 003 | RU-10907106 | ||
| 999 |
_c25106 _d25106 |
||